000 00568nam a2200205 a 4500
001 BRL_894
005 20190320210937.0
008 231013s1956----mx-a######---#000-0#spa-#
041 _aspa
044 _amx
050 4 _aF1435.1.U7
_b.U96 1956
245 1 0 _aUxmal
_bGuía oficial
260 _aMéxico, D.F.
_bInstituto Nacional de Antropología e Historia
_c1956
300 _a51 p.
_bil., mapas
_c20 cm.
500 _aAu1049
650 1 4 _aMayas
_xAntigüedades
_99555
651 4 _aUxmal, Sitio (Yucatán, México)
_vGuías
_925254
902 _aGRL
942 _2lcc
_cB
999 _c9706
_d9706